Política de la gran burguesía en México frente a la crisis /
में बचाया:
| मुख्य लेखक: | |
|---|---|
| स्वरूप: | मूलपाठ |
| टैग: |
टैग जोड़ें
कोई टैग नहीं, इस रिकॉर्ड को टैग करने वाले पहले व्यक्ति बनें!
|
MARC
| LEADER | 00000 a a2200000 04500 | ||
|---|---|---|---|
| 001 | 45761 | ||
| 003 | |||
| 040 | |||
| 100 | |a Concheiro Bórquez, Elvira | ||
| 245 | |a Política de la gran burguesía en México frente a la crisis / |c Elvira Concheiro Bórquez | ||
| 773 | |g número23 (1986), páginas 6-9 | ||
| 999 | |c 40257 |d 40257 | ||
